00484nam a2200193Ia 4500003000900000008004100009040001300050040001300063041000800076100001900084245009600103250000900199260002100208260000900229300001100238300001000249490002500259490000600284IT-RoPAU120407s9999 xx 000 0 und d aIT-RoPAU cIT-RoPAU aita aAnselm Gunthor aChiamata e risposta. Una nuova teologia morale. I. - morale generale. 3a. ed. 2a. Copia aRoma aEdizioni Paoline c1979 a800 p. c21 cm aTesti di teologia, 8 v1